• 首页
  • 本馆介绍
  • 公告通知
  • 最新文献
  • 馆藏检索
  • 电子资源
  • 读者导购
  • 参考咨询
  • 我的图书馆
  • 登录
  • 详细信息显示
  • 放入我的书架
  • 预约/预借图书
  • 作者相关作品
  • 分类相关作品
  • 丛书相关作品
  • 出版社相关作品

书目信息

  • 表格格式
  • 工作单格式
  • 卡片格式
题名:
帝鉴图说
    
 
作者: 张居正, 原著 ;王艳军 主编
分册: 第一册  
出版信息: 北京   线装书局  2016
页数: 434页
开本: 23cm
丛书名: 国学经典文库
单 册:
中图分类: D092.2
科图分类:
主题词: 政治思想史--zheng zhi si xiang shi--中国--古代
电子资源:
ISBN: 978-7-5120-2129-7
000 01115nam 2200265 450
001 2356426153
005 20231214092256.23
010    @a978-7-5120-2129-7@b精装@dCNY149.50, CNY598.00 (全4册)
100    @a20181221d2016 em y0chiy50 ea
101 0  @achi
102    @aCN@b110000
105    @aaf z 000yy
200 1  @a帝鉴图说@Adi jian tu shuo@e图文珍藏版@h第一册@f(明) 张居正原著@g王艳军主编
210    @a北京@c线装书局@d2016
215    @a434页@c图 (部分彩图)@d23cm
225 2  @a国学经典文库@Aguo xue jing dian wen ku
307    @a第一册, 434页, [6] 页图版; 第二册, 435-880页; 第三册, 881-1326页; 第四册, 1329-1772页
330    @a本书分为上下两部分, 上编收录了从远古尧舜时代到北宋时期、历代贤君圣主励精图治、兴国安邦的典故八十一则, 题名“圣哲芳规”; 下编收录历代昏君暴主穷奢极欲、祸国殃民的典故三十六则, 题名“狂愚覆辙”。
410  0 @12001 @a国学经典文库
606 0  @a政治思想史@Azheng zhi si xiang shi@y中国@z古代
690    @aD092.2@v5
701  0 @a张居正,@Azhang ju zheng@f1525-1582@4原著
702  0 @a王艳军@Awang yan jun@4主编
801  0 @aCN@b湖北三新@c20181221
905    @aZUCC@dD092.2@e11:1
    
    帝鉴图说:图文珍藏版.第一册/(明) 张居正原著/王艳军主编.-北京:线装书局,2016
    434页:图 (部分彩图);23cm.-(国学经典文库)
    
    
    ISBN 978-7-5120-2129-7(精装):CNY149.50, CNY598.00 (全4册)
    本书分为上下两部分, 上编收录了从远古尧舜时代到北宋时期、历代贤君圣主励精图治、兴国安邦的典故八十一则, 题名“圣哲芳规”; 下编收录历代昏君暴主穷奢极欲、祸国殃民的典故三十六则, 题名“狂愚覆辙”。
●
相关链接 在五车中查询图书 在当当中查询图书 在豆瓣中查询图书


正题名:帝鉴图说     索取号:D092.2/11:1         预约/预借

序号 登录号 条形码 馆藏地/架位号 状态 备注
1 2001462331   2001462331   505书库/ [索取号:D092.2/11:1] 在馆    
2 2001462332   2001462332   505书库/ [索取号:D092.2/11:1] 在馆    
3 2001462333   2001462333   505书库/ [索取号:D092.2/11:1] 在馆    
4 2001462334   2001462334   第四书库/四18架A面1层2列/ [索取号:D092.2/11:1] 在馆    
5 2001462335   2001462335   第四书库/四18架A面1层2列/ [索取号:D092.2/11:1] 在馆    
6 2001462336   2001462336   504书库/ [索取号:D092.2/11:1] 在馆    
7 2001462337   2001462337   504书库/ [索取号:D092.2/11:1] 在馆    
8 2001462338   2001462338   505书库/ [索取号:D092.2/11:1] 在馆    
9 2001462339   2001462339   505书库/ [索取号:D092.2/11:1] 在馆    
10 2001462340   2001462340   505书库/ [索取号:D092.2/11:1] 在馆    
11 2001464101   2001464101   315书库/ [索取号:D092.2/11:1] 在馆    
12 2001464102   2001464102   315书库/ [索取号:D092.2/11:1] 在馆    
13 2001464103   2001464103   315书库/ [索取号:D092.2/11:1] 在馆    
14 2001464104   2001464104   315书库/ [索取号:D092.2/11:1] 在馆    
15 2001464105   2001464105   315书库/ [索取号:D092.2/11:1] 在馆    
16 2001464106   2001464106   第四书库/四18架A面1层2列/ [索取号:D092.2/11:1] 在馆    
17 2001464107   2001464107   第四书库/四18架A面1层2列/ [索取号:D092.2/11:1] 在馆    
18 2001464108   2001464108   第四书库/四18架A面1层2列/ [索取号:D092.2/11:1] 在馆    
19 2001464109   2001464109   第四书库/四18架A面1层2列/ [索取号:D092.2/11:1] 在馆    
20 2001464110   2001464110   315书库/ [索取号:D092.2/11:1] 在馆    
21 2001466021   2001466021   218书库/ [索取号:D092.2/11:1] 在馆    
22 2001466022   2001466022   218书库/ [索取号:D092.2/11:1] 在馆    
23 2001466023   2001466023   218书库/ [索取号:D092.2/11:1] 在馆    
24 2001466024   2001466024   218书库/ [索取号:D092.2/11:1] 在馆    
25 2001466025   2001466025   218书库/ [索取号:D092.2/11:1] 在馆    
26 2001466026   2001466026   504书库/ [索取号:D092.2/11:1] 在馆    
27 2001466027   2001466027   504书库/ [索取号:D092.2/11:1] 在馆    
28 2001466028   2001466028   504书库/ [索取号:D092.2/11:1] 在馆    
29 2001466029   2001466029   504书库/ [索取号:D092.2/11:1] 在馆    
30 2001466030   2001466030   218书库/ [索取号:D092.2/11:1] 在馆    
山东省滨州职业学院图书馆 欢迎您!
大连网信软件有限公司© 版权所有